Fundamental of computer algorithms (Record no. 2084)

MARC details
000 -LEADER
fixed length control field 00529 a2200205 4500
001 - CONTROL NUMBER
control field 068409
003 - CONTROL NUMBER IDENTIFIER
control field OSt
005 - DATE AND TIME OF LATEST TRANSACTION
control field 20220217113033.0
008 - FIXED-LENGTH DATA ELEMENTS--GENERAL INFORMATION
fixed length control field
082 ## - DEWEY DECIMAL CLASSIFICATION NUMBER
Classification number 005.1
Item number H78F
100 1# - MAIN ENTRY--PERSONAL NAME
Personal name Horowitz, Ellis
245 1# - TITLE STATEMENT
Title Fundamental of computer algorithms
Statement of responsibility, etc by Ellis Horowitz
250 ## - EDITION STATEMENT
Edition statement 2nd ed.
260 ## - PUBLICATION, DISTRIBUTION, ETC. (IMPRINT)
Place of publication, distribution, etc Edinburgh
Name of publisher, distributor, etc Edinburgh University Press
Date of publication, distribution, etc 2010
300 ## - PHYSICAL DESCRIPTION
Extent 773p.
630 ## - SUBJECT ADDED ENTRY--UNIFORM TITLE
Uniform title Computer Science
653 ## - INDEX TERM--UNCONTROLLED
Uncontrolled term Computer Algorithms
700 ## - ADDED ENTRY--PERSONAL NAME
Personal name Sahni, Sartaj
942 ## - ADDED ENTRY ELEMENTS (KOHA)
Source of classification or shelving scheme Dewey Decimal Classification
Koha item type Books
Holdings
Withdrawn status Lost status Damaged status Not for loan Collection code Home library Current library Date acquired Source of acquisition Cost, normal purchase price Full call number Barcode Date last seen Price effective from Koha item type Total Checkouts Date checked out
        General Text Book Central University Of Rajasthan Central University Of Rajasthan 07/03/2012 CSC 375.00 005.1 H78F 2696 21/11/2024 02/09/2020 Books    
        General Text Book Central University Of Rajasthan Central University Of Rajasthan 07/03/2012 CSC 375.00 005.1 H78F 2698 21/11/2024 02/09/2020 Books 6 22/12/2023
        General Text Book Central University Of Rajasthan Central University Of Rajasthan 07/03/2012 CSC 375.00 005.1 H78F 2697 21/11/2024 02/09/2020 Books 9 29/04/2024